Environmental protection directory : a comprehensive guide to environmental organizations in the United States and Canada.

Bibliographic Details
Other Authors: Trzyna, Thaddeus C., 1939-, Osberg, Sally R.
Format: Book
Language:English
Published: Chicago, Ill. : Published for the Center for California Public Affairs by Marquis Academic Media, [1975]
Edition:2nd ed. /
Subjects:

MARC

Tag First Indicator Second Indicator Subfields
LEADER 00000cam a2200000 a 4500
001 in00000089723
005 20151008065512.0
008 770211s1975 ilu r 00100 engm
010 |a  75023397  
020 |a 0837926017 :  |c $44.50 
035 |a (OCoLC)01900683 
035 |9 AAK6064AM 
040 |a DLC  |c DLC  |d MCL  |d m.c.  |d TXA  |d UtOrBLW 
043 |a n-cn---  |a n-us--- 
049 |a TXAM  |c [933442] 
050 0 0 |a TD171  |b .E57 1975 
245 0 0 |a Environmental protection directory :  |b a comprehensive guide to environmental organizations in the United States and Canada. 
250 |a 2nd ed. /  |b edited by Thaddeus C. Trzyna, with the assistance of Sally R. Osberg. 
264 1 |a Chicago, Ill. :  |b Published for the Center for California Public Affairs by Marquis Academic Media,  |c [1975] 
264 4 |c ©1975 
300 |a xiv, 526 pages ;  |c 29 cm. 
336 |a text  |b txt  |2 rdacontent 
337 |a unmediated  |b n  |2 rdamedia 
338 |a volume  |b nc  |2 rdacarrier 
500 |a "First edition published in 1973 as part of the Directory of consumer protection and environmental agencies"--Title page verso. 
500 |a Includes indexes. 
650 0 |a Environmental protection  |z United States  |v Directories. 
650 0 |a Environmental protection  |z Canada  |x Directories. 
650 2 |a Environmental Health  |z United States  |x directories. 
650 2 |a Government Agencies  |z United States  |x directories. 
700 1 |a Trzyna, Thaddeus C.,  |d 1939- 
700 1 |a Osberg, Sally R. 
999 |a MARS 
999 f f |s 79fa28e8-b14b-3523-8803-e36812bd6a1c  |i 34bfd106-6e96-3017-a17c-eaadd01f1e76  |t 0 
952 f f |p normal  |a Texas A&M University  |b College Station  |c Sterling C. Evans Library  |d Evans: Library Stacks  |t 0  |e TL181 .E57 1975  |h Library of Congress classification  |i unmediated -- volume  |m A14813840602 
952 f f |p ric  |a Texas A&M University  |b Rellis Campus  |c Joint Library Facility  |d Remote Storage  |t 0  |e TD171 .E57 1975  |h Library of Congress classification  |i unmediated -- volume  |m A14806244633 
998 f f |a TD171 .E57 1975  |t 0  |l Remote Storage 
998 f f |a TL181 .E57 1975  |t 0  |l Evans: Library Stacks